Normal view
MARC view
- التكنولوجيا-التعدين-الصناعة-الوطن العربي
Entry Topical Term
001 - CONTROL NUMBER
- control field: 40086
003 - CONTROL NUMBER IDENTIFIER
- control field: JO-AjAnu
005 - DATE AND TIME OF LATEST TRANSACTION
- control field: 20230606080648.0
008 - FIXED-LENGTH DATA ELEMENTS
- fixed length control field: 230606|| aca||aabn | a|a d
040 ## - CATALOGING SOURCE
- Original cataloging agency: JO-AjAnu
- Transcribing agency: JO-AjAnu
150 ## - HEADING--TOPICAL TERM
- Topical term or geographic name entry element: التكنولوجيا-التعدين-الصناعة-الوطن العربي
670 ## - SOURCE DATA FOUND
- Source citation: Work cat.: (JO-AjAnu)20550: جبر، فلاح سعيد, author 40085, التكنولوجيا والصناعات التعدينية في الوطن العربي